03937nab a2200265 i 4500003000900000005001700009008004100026040001800067072001400085100002900099100004300128100003100171100002800202245008800230500006700318520137800385520155101763650001303314650002803327650001603355650001103371650003003382773018103412856007803593BR-BrBNA20260424190101.0260424b2020 bl.qr|pooa||| 00| 0 eng | aBR-BrBNAbeng aF02b0313 aFrölech, Dianini Brum  aBarros, Maria Inez Lopes Fernandes de  aAssis, Adriane Marinho de  aSchuch, Márcia Wulff  aEtiolation and indolbutyric acid in the Olea europaea cv. Mariada Fé minicuttings a Publicação online; 18 ref.; 3 tables; Summaries (En, Pt) a ABSTRACT: This study aims to evaluate the effect of etiolation and the usage of indolbutyric acid (IBA) in the propagation of Olea europaea cv. Maria da Fé minicuttings. The experimental outline is a completely randomized design, with a 2 x 3 bifactorial scheme [minicuttings from plants with and without etiolation and three concentrations of indolbutyric acid (0, 1,000, and 2,000 mg L-1)]. After 110 days, the following has been evaluated: percentage of survival, foliar retention and rooting, number of roots, length of the largest root, root dry matter mass and percentage of unrooted minicuttings with calluses. For the percentage of survival, foliar retention and rooting, number of roots and root dry matter mass, there has only been significance for IBA concentrations, and in general, the IBA 1,000 mg L-1 concentration provided the highest scores. For the length of the largest root and minicuttings with non-rooted callus, there has been interaction between treatments, with the lowest scores for callus formation in the minicuttings with etiolation and without IBA. It can be concluded that the minicutting of Olea europaea cv. Maria da Fé can be carried out without etiolation in the mother plants, using 1,000 mg L-1 of IBA. Key words: auxin; olive tree; plant growth regulator; vegetative propagation; vermiculite a RESUMO: O objetivo deste estudo foi avaliar o efeito do estiolamento e da utilização de ácido indolbutírico (AIB) na propagação de miniestacas de Olea europaea cv. Maria da Fé. O delineamento experimental foi o inteiramente casualizado, em esquema bifatorial 2 x 3 [miniestacas oriundas de plantas sem e com estiolamento e três concentrações de ácido indolbutírico (0, 1.000 e 2.000 mg L-1)]. Após 110 dias foram avaliadas: porcentagem de sobrevivência, de retenção foliar e de enraizamento, número de raízes, comprimento da maior raiz, massa de matéria seca das raízes e porcentagem de miniestacas com calos e não enraizadas. Para a porcentagem de sobrevivência, de retenção foliar, enraizamento, número de raízes e massa de matéria seca das raízes, houve significância apenas para as concentrações de AIB, sendo que, de maneira geral, a concentração de 1.000 mg L-1 de AIB proporcionou as maiores médias. Para o comprimento da maior raiz e miniestacas com calos e não enraizadas obtiveram-se interação entre os tratamentos, destacando-se a menor média para a formação de calos nas miniestacas com estiolamento e sem AIB. Conclui-se que a miniestaquia de Olea europaea cv. Maria da Fé pode ser realizada sem o estiolamento nas plantas matrizes, com uso de 1.000 mg L-1 de AIB. Palavras-chave: auxina; oliveira; regulador vegetal; propagação vegetativa; vermiculita aAZEITONA aÁCIDO INDOLBUTÍRICO aVERMICULITA aESTACA aPROPAGAÇÃO VEGETATIVA0 04656dRecife-PE Universidade Federal Rural de Pernambuco 2006o2026-1730tRevista Brasileira de Ciências Agrárias (Brazil)x1981-1160gv. 15(2) p. 1-4; (2020)wBR2026000511 uhttp://www.agraria.pro.br/ojs32/index.php/RBCA/article/view/v15i2a6875/80